| 000 | 01023cgm a2200277 4500 | ||
|---|---|---|---|
| 001 | B3030 | ||
| 008 | 090401t1985 xxu||||| |||| 00| 0 eng d | ||
| 035 | _a(Sirsi) u53637 | ||
| 041 | _aeng | ||
| 050 |
_a658.45 _c18 |
||
| 100 | _aBailey, Alan | ||
| 245 | 4 |
_aThe art of communication _h[sound recording] |
|
| 260 |
_aLondon _bRICS _c1985 |
||
| 300 | _a1 sound cassette (ca. 60 min.) | ||
| 350 | _a10 | ||
| 490 | _aOwlion Audio Programme | ||
| 520 | _aWhatever the chartered surveyors' specialism, he must be able to express himself clearly, whether it be to his colleagues, clients, contractors or other professionals. This programme explains how he can make himself understood both with the written and spoken word. | ||
| 650 | _aCOMMUNICATION | ||
| 650 | _aORAL COMMUNICATION | ||
| 650 | _aWRITTEN COMMUNICATION | ||
| 690 | _aMANAGEMENT-BUSINESS MANAGEMENT | ||
| 710 |
_aCollege of Estate Management _9400 |
||
| 710 |
_aRoyal Institution of Chartered Surveyors _94900 |
||
| 942 | _n0 | ||
| 948 | _c04/03/1997 | ||
| 999 |
_c85262 _d85262 |
||